000 00390nam a2200121Ia 4500
008 170224s9999 xx 000 0 und d
245 _aGovernment instability shifts skin tone representations of and intentions to vote for political candidates.
260 _bJournal of Personality and Social Psychology
260 _c2016
300 _a110:1
500 _aJanuary
650 _xPsychology.
999 _c316502
_d316502